00898cam a2200229 i 45000010005000000030008000050050017000130080039000300200029000690350018000980400032001160410008001480820024001561100016001802450177001962600095003733000026004685040051004946510048005456510038005937000037006314889BD-RjUL20211208233955.0131223s1978 mdu b 001 0 eng a0801819393 :a0801820995 a(BD-RjUL)4924 aDLCcDLCdDLCdBD-RjULbeng aeng00a338.96668bTUI 19782 aWorld Bank.10aIvory Coast, the challenge of success :breport of a mission sent to the Ivory Coast by the World Bank /cBastiaan A. den Tuinder, chief of mission and coordinating author. aBaltimore :bPublished for the World Bank [by] the Johns Hopkins University Press,cc1978. axxi, 445 p. ;c23 cm. aIncludes bibliographical references and index. 0aCôte d'IvoirexEconomic conditionsy1960- 0aCôte d'IvoirexEconomic policy.1 aTuinder, Bastiaan A. den,d1936-